Districts of Belarus - Statistics

General Stats
  • This quiz has been taken 18 times
  • The average score is 13 of 118
Answer Stats
Hint Answer % Correct
Minsk Minsk
92%
Brest Brest
67%
Gomel Gomel
67%
Vitebsk Vitebsk
67%
Mogilev Mogilev
58%
Vitebsk Orsha
50%
Vitebsk Polotsk
50%
Grodno Hrodna
42%
Mogilev Babruysk
33%
Grodno Lida
25%
Brest Pinsk
25%
Grodno Zelva
25%
Brest Baranavichy
17%
Brest Kobryn
17%
Grodno Masty
17%
Gomel Mazyr
17%
Minsk Nyasvizh
17%
Minsk Salihorsk
17%
Grodno Slonim
17%
Minsk Slutsk
17%
Brest Zhabinka
17%
Grodno Ashmyany
8%
Mogilev Asipovichy
8%
Grodno Astravyets
8%
Minsk Barysaw
8%
Vitebsk Beshankovichy
8%
Gomel Brahin
8%
Vitebsk Braslaw
8%
Mogilev Byalynichy
8%
Brest Byaroza
8%
Grodno Byerastavitsa
8%
Minsk Byerazino
8%
Mogilev Bykhaw
8%
Minsk Chervyen
8%
Mogilev Cherykaw
8%
Gomel Dobrus
8%
Mogilev Drybin
8%
Minsk Dzyarzhynsk
8%
Grodno Dzyatlava
8%
Brest Hantsavichy
8%
Vitebsk Haradok
8%
Vitebsk Hlybokaye
8%
Brest Ivanava
8%
Brest Ivatsevichy
8%
Grodno Iwye
8%
Gomel Kalinkavichy
8%
Minsk Kapyl
8%
Grodno Karelichy
8%
Mogilev Khotsimsk
8%
Minsk Kletsk
8%
Mogilev Klichaw
8%
Minsk Krupki
8%
Mogilev Krychaw
8%
Minsk Lahoysk
8%
Brest Luninets
8%
Gomel Lyelchytsy
8%
Minsk Lyuban
8%
Minsk Maladzyechna
8%
Mogilev Mstsislaw
8%
Minsk Myadzyel
8%
Grodno Navahrudak
8%
Vitebsk Pastavy
8%
Brest Pruzhany
8%
Minsk Pukhavichy
8%
Gomel Rahachow
8%
Vitebsk Sharkawshchyna
8%
Grodno Shchuchyn
8%
Mogilev Shklow
8%
Mogilev Slawharad
8%
Minsk Smalyavichy
8%
Minsk Staryya
8%
Brest Stolin
8%
Minsk Stowbtsy
8%
Gomel Svietlahorsk
8%
Grodno Svislach
8%
Vitebsk Talachyn
8%
Minsk Uzda
8%
Minsk Valozhyn
8%
Grodno Vawkavysk
8%
Vitebsk Verkhnyadzvinsk
8%
Minsk Vileyka
8%
Grodno Voranava
8%
Gomel Zhlobin
8%
Gomel Akciabrski
0%
Gomel Buda-Kashalyowa
0%
Gomel Chachersk
0%
Vitebsk Chashniki
0%
Mogilev Chavusy
0%
Vitebsk Dokshytsy
0%
Brest Drahichyn
0%
Vitebsk Dubrowna
0%
Mogilev Hlusk
0%
Mogilev Horki
0%
Gomel Jelsk
0%
Brest Kamenets
0%
Gomel Karma
0%
Mogilev Kastsyukovichy
0%
Gomel Khoiniki
0%
Mogilev Kirawsk
0%
Mogilev Klimavichy
0%
Mogilev Krasnapoll
0%
Mogilev Kruhlaye
0%
Vitebsk Lepiel
0%
Vitebsk Liozna
0%
Gomel Loyew
0%
Brest Lyakhavichy
0%
Brest Malaryta
0%
Vitebsk Myory
0%
Gomel Naroulia
0%
Gomel Pietrykaw
0%
Vitebsk Rasony
0%
Gomel Recycia
0%
Vitebsk Shumilina
0%
Grodno Smarhom
0%
Vitebsk Syanno
0%
Vitebsk Ushachny
0%
Gomel Vietka
0%
Gomel Zhytkavichy
0%
No matching quizzes found
Score Distribution
Percent of People with Each Score
Percentile by Number Answered
Your Score History
You have not taken this quiz